000 00708cab a2200217 4500
001 WB3215-41
008 090401t1996 xxu||||| |||| 00| 0 eng d
035 _a(Sirsi) u69827
041 _aeng
245 _aPFI guidelines
260 _c1996
350 _a0
490 _aRICS Press Release
_v(PR40.pfi) 4 April 1996
490 _aDoE News Release
_v(164) 3 April 1996, (4)
520 _aThe RICS and the Construction Minister welcome the new procurement guidelines published by Treasury to help the PFI realise its potential.
650 _aPRIVATE FINANCE INITIATIVE
650 _aPROCUREMENT GUIDELINES
690 _aPROPERTY-PROPERTY FINANCE AND INVESTMENT
942 _n0
948 _c04/03/1997
999 _c43898
_d43898